00715nam a2200193 a 4500001001300000003000900013005001700022008004100039020002400080082002300104100002400127245003400151260003600185500003500221505002600256505019800282650001700480700002400497nice12345678IN_TiNIC20260116014154.0050524s2003 dela grp 000 0 eng  a8171692 c350000a305.480297030bCHA aChaturvedi, Archana aEncyclopaedia of Muslim Women aDelhi bCommenwealth Pub c2003 aincludes index and biblioraphy2 aIndex, Quranic Verses2 aIndex, Quranic Verses00gV1.tMuslim Women and Development.--gV2.tMuslim Women and Society.--gV3.tMuslim Women and Law.--gV4.tMuslim Women from Tradition to Modernity.--gV5.tMuslim Wome aMuslim Women1 aChaturvedi, Archana